000 00654nam a22002417a 4500
003 UA-OsUOA
001 76575
007 ta
008 20110708b un ||||| |||| 00| 0 ukr d
100 _aКартавий П.В.
090 _a7.071(477)
_bК27
942 _cBK
040 _aUA-OsUOA
_bukr
_cUA-OsUOA
_dUA-OsUOA
245 _aСучасна українська авторська пісня
300 _a76 с.
955 _a2
041 _aukr
080 _a7.071(477)
020 _a978-966-7222-90-1
260 _aСуми
_bМакДен
_c2009
650 7 _a7.0 Загальні питання мистецтва
_2UDC
999 _c362874
_d362874